| 000 | 006360000a22002170004500 | ||
|---|---|---|---|
| 003 | LK-CoMWRAF | ||
| 005 | 20231115100712.0 | ||
| 008 | 230817t1997 ||||| |||| 00| 0 eng d | ||
| 020 | _a067087826X | ||
| 040 |
_aLK-CoMWRAF _dLK-CoMWRAF _eLK-CoMWRAF |
||
| 041 | _aeng | ||
| 082 |
_a954.04 _bTHA |
||
| 100 | _aTharoor, Shashi | ||
| 245 |
_aIndia: _bfrom midnight to the millennium |
||
| 260 |
_aNew Delhi: _bViking, _c1997 |
||
| 300 |
_axiv, 392 p. : map ; 24 cm. _bGlossary and Index included |
||
| 650 | _aIndia--Politics and government | ||
| 650 | _aIndia--Economic conditions | ||
| 650 | _aIndia--Social conditions | ||
| 942 | _cBK | ||
| 999 |
_c1570 _d1570 |
||